000 00977cam a2200277 a 4500
001 000005467
005 20200929151703.0
008 940808s1998 sp a b 000 0 spa
020 _a8437610346
040 _aDO-SdBNP
_bspa
_cBNPHU
082 _a862.64
_bS211ñ, 1998
100 1 _aSanchis Sinisterra, José,
_d1940-
_915524
245 1 0 _aÑaque o de piojos y actores :
_bAy, Carmela! /
_cJosé Sanchis Sinisterra ; edición de Manuel Aznar Soler.
250 _a6a ed.
260 _aMadrid :
_bCátedra,
_c1998.
300 _a308 p. :
_bil. ;
_c18 cm.
490 1 _aLetras hispánicas
_v341
504 _aIncluye referencias bibliográficas (p. 105-120).
600 1 4 _aSANCHIS SINISTERRA, JOSÉ,
_d1940-
_xCRÍTICA E INTERPRETACIÓN
_915525
650 4 _aTeatro español
_93071
650 4 _aTeatro fronterizo
_915526
700 1 _aAznar Soler, Manuel,
_d1951-,
_eed.
_915527
830 0 _aLetras hispánicas ;
_v341
_94208
910 _aCatalogación derivada
910 _aWM
999 _c5266
_d5266